Construction Process Planning and Management : (Record no. 15139)
[ view plain ]
| 000 -LEADER | |
|---|---|
| fixed length control field | 01327cam a22003137a 4500 |
| 001 - CONTROL NUMBER | |
| control field | 15937232 |
| 005 - DATE AND TIME OF LATEST TRANSACTION | |
| control field | 20110203064110.0 |
| 008 - FIXED-LENGTH DATA ELEMENTS--GENERAL INFORMATION | |
| fixed length control field | 091008s2010 ne a 001 0 eng d |
| 010 ## - LIBRARY OF CONGRESS CONTROL NUMBER | |
| LC control number | 2009281660 |
| 020 ## - INTERNATIONAL STANDARD BOOK NUMBER | |
| International Standard Book Number | 1856175480 |
| 020 ## - INTERNATIONAL STANDARD BOOK NUMBER | |
| International Standard Book Number | 9781856175487 |
| 035 ## - SYSTEM CONTROL NUMBER | |
| System control number | (OCoLC)ocn229031553 |
| 040 ## - CATALOGING SOURCE | |
| Original cataloging agency | BTCTA |
| Transcribing agency | BTCTA |
| Modifying agency | BAKER |
| -- | YDXCP |
| -- | BWX |
| -- | OCLCQ |
| -- | WAU |
| -- | DLC |
| 042 ## - AUTHENTICATION CODE | |
| Authentication code | lccopycat |
| 050 00 - LIBRARY OF CONGRESS CALL NUMBER | |
| Classification number | TH438 |
| Item number | .L3794 2010 |
| 082 ## - DEWEY DECIMAL CLASSIFICATION NUMBER | |
| Edition number | 22 |
| Classification number | 690.068 |
| Item number | LEV |
| 100 1# - MAIN ENTRY--PERSONAL NAME | |
| Personal name | Levy, Sidney M. |
| 9 (RLIN) | 23163 |
| 245 10 - TITLE STATEMENT | |
| Title | Construction Process Planning and Management : |
| Remainder of title | An Owner's Guide to Successful Projects / |
| Statement of responsibility, etc | Sidney M. Levy. |
| 260 ## - PUBLICATION, DISTRIBUTION, ETC. (IMPRINT) | |
| Place of publication, distribution, etc | Amsterdam ; |
| -- | Boston : |
| Name of publisher, distributor, etc | Butterworth-Heinemann, |
| Date of publication, distribution, etc | c2010. |
| 300 ## - PHYSICAL DESCRIPTION | |
| Extent | x, 381 p. : |
| Other physical details | ill. ; |
| Dimensions | 25 cm. |
| 500 ## - GENERAL NOTE | |
| General note | Includes index. |
| 650 #0 - SUBJECT ADDED ENTRY--TOPICAL TERM | |
| Topical term or geographic name as entry element | Building |
| General subdivision | Planning. |
| 9 (RLIN) | 23164 |
| 650 #0 - SUBJECT ADDED ENTRY--TOPICAL TERM | |
| Topical term or geographic name as entry element | Building |
| General subdivision | Superintendence. |
| 9 (RLIN) | 23165 |
| 653 ## - INDEX TERM--UNCONTROLLED | |
| Resource For college | |
| Arrived date list | April2011 |
| 942 ## - ADDED ENTRY ELEMENTS (KOHA) | |
| Source of classification or shelving scheme | Dewey Decimal Classification |
| Item type | Book - Borrowing |
| Withdrawn status | Item status | Source of classification or shelving scheme | Damaged status | Not for loan | Vendor | Home library | Current library | Shelving location | Date acquired | Source of acquisition | Cost, normal purchase price | Serial Enumeration / chronology | Total Checkouts | Total Renewals | Full call number | Barcode | Date last seen | Date last borrowed | Koha item type |
|---|---|---|---|---|---|---|---|---|---|---|---|---|---|---|---|---|---|---|---|
| Dewey Decimal Classification | Academic Bookshop | Central Library | Central Library | First floor | 18/04/2011 | 594.00 | 2066 | 1 | 5 | 690.068 LEV | 000023215 | 15/07/2025 | 10/11/2014 | Book - Borrowing | |||||
| Dewey Decimal Classification | Arab Oasis | Central Library | Central Library | First floor | 02/05/2011 | 585.00 | 72 | 2 | 1 | 690.068 LEV | 000023502 | 15/07/2025 | 18/11/2014 | Book - Borrowing |